000 00209nam a22000977a 4500
999 _c16207
_d16207
003 OSt
008 200623b ||||| |||| 00| 0 eng d
100 _aS parameswaren
_94626
245 _aTrigonometry
942 _cBK